000 00519nam a2200181Ia 4500
005 20250326124141.0
008 250326s9999 xx 000 0 und d
037 _aTextbook
040 _aFMSL
_beng
_cFMSL
041 _aeng
_2eng
084 _aX:5.58 L3
_qFMSL
100 _aSmith G A
_9124526
245 0 _aSoviet foreign trade organization, operations, and policy, 1918-1971
_cSmith G A
260 _aNY
_bNY, Praeger
_c1973
300 _a370p
942 _cTB
_hX:5.58 L3
999 _c1272492
_d1272492